000 01340nam a2200445 i 4500
001 31182
003 KOSZ 005
005 20221220110623.0
008 980702s1995 pl a |000 0 pol
015 _aPB 1996/5186
020 _a8385805249
035 _a(OCoLC)749206728
040 _aWA N
_cWA N
_dKOSZ 005/HR
041 0 _apol
_geng
046 _k1995
080 _a631.3/.8
080 _a628.3
080 _a631.95
080 _a504
100 1 _aSiuta, Jan
_d(1928-2020)
_eAutor
245 1 0 _aRolnictwo jest ekologią stosowaną /
_cJan Siuta ; Instytut Ochrony Środowiska.
260 _aWarszawa :
_bIOŚ,
_c1995.
300 _a69 s. :
_bfot. kolor., rys., wykr. ;
_c24 cm.
380 _aKsiążki.
388 _a1901-2000
388 _a1989-2000
500 _aPosł. także ang.
504 _aBibliogr. s. 65.
650 4 _aRolnictwo ekologiczne
658 _aRolnictwo i leśnictwo
658 _aOchrona środowiska
650 4 _aŚcieki
650 4 _aOdpady
650 4 _aOchrona środowiska
650 4 _aAgrotechnika
650 4 _aMelioracje rolne
710 1 _aPolska.
_bInspekcja Ochrony Środowiska.
_4pbl.
856 _uhttp://koha.tu.koszalin.pl/cgi-bin/koha/opac-detail.pl?biblionumber=31182
_yKatalog online BPK
942 _2UKD
_cKS
999 _c31182
_d31182